000
00247nam a2200097Ia 4500
001
1047052
005
20250826232228.0
008
250824s9999 xx 000 0 und d
245
0
_a
ŞAMAN KIZ
_c
AHMET HALDUN TERZİOĞLU
260
_b
PANAMA YAYINLARI
999
_c
1047052
_d
1047052